000
00449nam a2200169Ia 4500
008
090124s9999 xx 000 0 und d
082
_b
8164
100
_a
फळणीकर अनिल
245
_a
प्रेमिक
250
_a
0
300
_a
188
600
_a
फळणीकर अनिल
630
_a
प्रेमिक
700
_a
फळणीकर अनिल
730
_a
प्रेमिक
942
_c
BOOK
999
_c
84869
_d
84869